Statistics for Countries and Capitals Closest to the Baltic Sea

Click here to take the quiz!

General Stats

  • This quiz has been taken 134 times
  • The average score is 38 of 40

Answer Stats

Distance in kmCountry% Correct
0Denmark
99%
0Estonia
99%
0Finland
99%
0Latvia
99%
0Lithuania
99%
0Russia
99%
283Czech Republic
98%
0Poland
98%
0Sweden
98%
184Belarus
97%
453Belgium
97%
144Berlin
97%
0Germany
97%
0Helsinki
97%
226Netherlands
97%
0Riga
97%
513Slovakia
97%
0Stockholm
97%
569United Kingdom
97%
251Warsaw
97%
0Copenhagen
96%
573Luxembourg
96%
524Luxembourg
96%
224Norway
96%
403Amsterdam
95%
416Minsk
95%
0Tallinn
95%
547Brussels
94%
341Oslo
94%
401Ukraine
94%
260Vilnius
94%
572France
93%
392Prague
93%
510Austria
92%
737London
92%
637Moscow
92%
612Vienna
92%
631Bratislava
87%
747Budapest
74%
756Vaduz
59%

Score Distribution

Percentile by Number Answered

Percent of People with Each Score

Your Score History

You have not taken this quiz